Anatomy and dissection of the honeybee

Guardado en:
Detalles Bibliográficos
Autor principal: Dade, Harry Arthur
Formato: Libro
Lenguaje:Undetermined
Publicado: London International Bee Research Association 1977
Materias:
Etiquetas: Agregar Etiqueta
Sin Etiquetas, Sea el primero en etiquetar este registro!
Thư viện lưu trữ: Trung tâm Học liệu Trường Đại học Cần Thơ
LEADER 00570nam a2200205Ia 4500
001 CTU_126539
008 210402s9999 xx 000 0 und d
020 |c £9.00 
082 |a 595.799044 
082 |b D121 
100 |a Dade, Harry Arthur 
245 0 |a Anatomy and dissection of the honeybee 
245 0 |c H. A. Dade 
260 |a London 
260 |b International Bee Research Association 
260 |c 1977 
650 |a Bees,Insects 
650 |x Anatomy.,Anatomy 
904 |i M.Loan, Huỳnh Mai 
980 |a Trung tâm Học liệu Trường Đại học Cần Thơ